000 00344nam a2200145Ia 4500
100 _aGottfried/B.S
942 _cBK
654 _aProgramming & Basic
245 _aTheory & Problem Of Programming With Basic
260 _bMcGraw Hill.( Schaum''s)
_aNew York
_c1988
082 _a1.6
_bGot
300 _a386
546 _aENGLISH
999 _c28390
_d28390